Statistics for Countries Closest to St Kitts and Nevis - distance order

Click here to take the quiz!

General Stats

  • This quiz has been taken 101 times
  • The average score is 11 of 20

Answer Stats

kmCountrymiles% Correct
68Antigua and Barbuda42
95%
375St Lucia233
77%
200Dominica125
74%
440St Vincent and the Grenadines273
72%
523Grenada325
70%
524Barbados325
69%
677Trinidad and Tobago421
62%
593Dominican Republic369
61%
942Haiti585
58%
70Sint Maarten43
54%
674Venezuela419
54%
931Aruba578
50%
1228Cuba763
49%
1414Jamaica878
47%
1063Colombia660
45%
870Curacao541
43%
992Guyana617
42%
1170Bahamas727
41%
1378Suriname856
34%
1341Brazil833
26%

Score Distribution

Percentile by Number Answered

Percent of People with Each Score

Your Score History

You have not taken this quiz